Belgian monarchs - Statistics

General Stats
  • This quiz has been taken 24 times
  • The average score is 6 of 7
Answer Stats
Hint Answer % Correct
1831 - 1865 Leopold I
90%
1865 - 1909 Leopold II
90%
1934 - 1951 Leopold III
90%
1909 - 1934 Albert I
85%
1993 - 2013 Albert II
85%
2013 - ? Philippe/Filip
85%
1951 - 1993 Baudouin/Boudewijn
80%
No matching quizzes found
Score Distribution
Percent of People with Each Score
Percentile by Number Answered
Your Score History
You have not taken this quiz